| 000 | 00592nam a2200181Ia 4500 | ||
|---|---|---|---|
| 008 | 151018s9999 xx 000 0 und d | ||
| 082 |
_bRBASDV59723 _a891.431 |
||
| 100 | _aसुभाष मुखोपाध्याय | ||
| 245 | _aकवी ने कहा | ||
| 250 | _b1 | ||
| 260 |
_bआरोग्य निधी _c2012 |
||
| 300 | _a112 | ||
| 600 | _aसुभाष मुखोपाध्याय | ||
| 630 | _aकवी ने कहा | ||
| 700 | _aसुभाष मुखोपाध्याय | ||
| 730 | _aकवी ने कहा | ||
| 942 | _cBOOK | ||
| 999 |
_c1053569 _d1053566 |
||